<?xml version="1.0" encoding="UTF-8"?>
<record
    xmlns:xsi="http://www.w3.org/2001/XMLSchema-instance"
    xsi:schemaLocation="http://www.loc.gov/MARC21/slim http://www.loc.gov/standards/marcxml/schema/MARC21slim.xsd"
    xmlns="http://www.loc.gov/MARC21/slim">

  <leader>00662nam a22001337a 4500</leader>
  <datafield tag="040" ind1=" " ind2=" ">
    <subfield code="c">RUA</subfield>
  </datafield>
  <datafield tag="082" ind1=" " ind2=" ">
    <subfield code="a">AGR EAM 2021 B1-570 Or.</subfield>
  </datafield>
  <datafield tag="100" ind1=" " ind2=" ">
    <subfield code="a">EAM SENGHONG,&#x17A2;&#x17C0;&#x1798; &#x179F;&#x17C1;&#x1784;&#x17A0;&#x17BB;&#x1784;</subfield>
  </datafield>
  <datafield tag="245" ind1=" " ind2=" ">
    <subfield code="a">EFFECT OF DIFFERENT TYPES OF HERBICIDES ON GREEN MUSTARD(Brassica juncea L.),&#x17A5;&#x1791;&#x17D2;&#x1792;&#x17B7;&#x1796;&#x179B;&#x1793;&#x17C3;&#x1780;&#x17B6;&#x179A;&#x1794;&#x17D2;&#x179A;&#x17BE;&#x1794;&#x17D2;&#x179A;&#x17B6;&#x179F;&#x17CB;&#x1790;&#x17D2;&#x1793;&#x17B6;&#x17C6;&#x1780;&#x1798;&#x17D2;&#x1785;&#x17B6;&#x178F;&#x17CB;&#x179F;&#x17D2;&#x1798;&#x17C5;&#x1785;&#x1784;&#x17D2;&#x179A;&#x17C3;&#x1795;&#x17D2;&#x179F;&#x17C1;&#x1784;&#x17D7;&#x1782;&#x17D2;&#x1793;&#x17B6;&#x179B;&#x17BE;&#x178A;&#x17C6;&#x178E;&#x17B6;&#x17C6;&#x179F;&#x17D2;&#x1796;&#x17C3;&#x1781;&#x17C0;&#x179C;</subfield>
  </datafield>
  <datafield tag="260" ind1=" " ind2=" ">
    <subfield code="a">phnom penh </subfield>
    <subfield code="b">rua</subfield>
    <subfield code="c">2021</subfield>
  </datafield>
  <datafield tag="300" ind1=" " ind2=" ">
    <subfield code="a">x.40p.</subfield>
    <subfield code="b">ill.</subfield>
    <subfield code="c">29cm.</subfield>
  </datafield>
  <datafield tag="856" ind1=" " ind2=" ">
    <subfield code="u">https://drive.google.com/file/d/1Hk5FuSaXmmVfNuSx3St8q3G547ly17LX/view?usp=sharing</subfield>
  </datafield>
  <datafield tag="942" ind1=" " ind2=" ">
    <subfield code="c">AGR</subfield>
  </datafield>
  <datafield tag="999" ind1=" " ind2=" ">
    <subfield code="c">22775</subfield>
    <subfield code="d">22775</subfield>
  </datafield>
  <datafield tag="952" ind1=" " ind2=" ">
    <subfield code="0">0</subfield>
    <subfield code="1">0</subfield>
    <subfield code="4">0</subfield>
    <subfield code="6">AGR_EAM_2021_000000000000000_B1570_OR</subfield>
    <subfield code="7">0</subfield>
    <subfield code="9">97811</subfield>
    <subfield code="a">LBB</subfield>
    <subfield code="b">LBB</subfield>
    <subfield code="c">B1.570</subfield>
    <subfield code="d">2024-04-03</subfield>
    <subfield code="l">6</subfield>
    <subfield code="o">AGR EAM 2021 B1-570 Or.</subfield>
    <subfield code="p">a078868</subfield>
    <subfield code="r">2025-11-10</subfield>
    <subfield code="s">2025-10-16</subfield>
    <subfield code="y">AGR</subfield>
  </datafield>
  <datafield tag="952" ind1=" " ind2=" ">
    <subfield code="0">0</subfield>
    <subfield code="1">0</subfield>
    <subfield code="4">0</subfield>
    <subfield code="6">AGR_EAM_2021_000000000000000_B1570_OR</subfield>
    <subfield code="7">0</subfield>
    <subfield code="9">97812</subfield>
    <subfield code="a">LBB</subfield>
    <subfield code="b">LBB</subfield>
    <subfield code="c">B1.570</subfield>
    <subfield code="d">2024-04-03</subfield>
    <subfield code="o">AGR EAM 2021 B1-570 Or.</subfield>
    <subfield code="p">a078824</subfield>
    <subfield code="r">2024-04-03</subfield>
    <subfield code="y">AGR</subfield>
  </datafield>
  <datafield tag="952" ind1=" " ind2=" ">
    <subfield code="0">0</subfield>
    <subfield code="1">0</subfield>
    <subfield code="4">0</subfield>
    <subfield code="6">AGR_EAM_2021_000000000000000_B1570_OR</subfield>
    <subfield code="7">0</subfield>
    <subfield code="9">97813</subfield>
    <subfield code="a">LBB</subfield>
    <subfield code="b">LBB</subfield>
    <subfield code="c">B1.570</subfield>
    <subfield code="d">2024-04-03</subfield>
    <subfield code="o">AGR EAM 2021 B1-570 Or.</subfield>
    <subfield code="p">a078851</subfield>
    <subfield code="r">2024-04-03</subfield>
    <subfield code="y">AGR</subfield>
  </datafield>
  <datafield tag="952" ind1=" " ind2=" ">
    <subfield code="0">0</subfield>
    <subfield code="1">0</subfield>
    <subfield code="4">0</subfield>
    <subfield code="6">AGR_EAM_2021_000000000000000_B1570_OR</subfield>
    <subfield code="7">0</subfield>
    <subfield code="9">97814</subfield>
    <subfield code="a">LBB</subfield>
    <subfield code="b">LBB</subfield>
    <subfield code="c">B1.570</subfield>
    <subfield code="d">2024-04-03</subfield>
    <subfield code="o">AGR EAM 2021 B1-570 Or.</subfield>
    <subfield code="p">a078911</subfield>
    <subfield code="r">2024-04-03</subfield>
    <subfield code="y">AGR</subfield>
  </datafield>
</record>
